000 01033nam a2200289 i 4500
001 bg
100 1 _aSCHUMPETER, Joseph Alois
_d(1883-1950)
245 1 0 _aKapitalizm, socjalizm, demokracja /
_cJoseph A. Schumpeter ; przekł. [z ang.] Michał Rusiński ; wstęp Stanisław Mikosik ; wprowadzenie Tom Bottomore.
246 _iTyt. oryg.:
_aCapitalism, socialism and democracy
260 _aWarszawa :
_bWydaw. Naukowe PWN,
_c1995.
300 _a392, [2] s. ;
_c21 cm.
500 _aOryg. : "Capitalism, socialism and democracy" 1976.
650 9 _aDemokracja
650 9 _aEkonomia polityczna
_xmarksizm
650 9 _aEkonomia polityczna kapitalizmu
650 9 _aSocjalizm (ustrój)
700 1 _aRUSIŃSKI, Michał.
_eTł.
700 1 _aMIKOSIK, Stanisław.
_eaut. wstępu
700 1 _aBOTTOMORE, Tom.
_eaut. wprow.
020 _a8301117869
040 _cBPK
041 1 _apol
_heng
080 _a330.342.14/.15:330.85:321.7
920 _a83-01-11786-9
942 _cKS
008 s pl f |000 0 pol
999 _c30952
_d30952
856 _uhttp://koha.tu.koszalin.pl/cgi-bin/koha/opac-detail.pl?biblionumber=30952
_yKatalog online BPK